Consideraciones en torno a la prostitución
Salvato in:
| Natura: | testo |
|---|---|
| Tags: |
Aggiungi Tag
Nessun Tag, puoi essere il primo ad aggiungerne!!
|
MARC
| LEADER | 00000 a a2200000 04500 | ||
|---|---|---|---|
| 001 | 42516 | ||
| 003 | |||
| 040 | |||
| 245 | |a Consideraciones en torno a la prostitución | ||
| 773 | |g volumen18, número781 ( , 1997), páginas 6-7 | ||
| 999 | |c 32314 |d 32314 | ||
